Dobrý člověk ještě žije /
Ústřední postavou tohoto románu je Colas Breugnon, který si vždy dokáže uchovat svůj nezdolný optimismus a humor. Ty mu pak pomáhají zdolat těžké okamžiky jeho života. Děj se odehrává v Burgundsku za vlády Ludvíka XIII. Colas měl ženu, čtyři syny, dceru Martinu a mnoho vnoučat. Nebál se práce, byl s...
Uloženo v:
| Hlavní autor: | |
|---|---|
| Médium: | E-kniha |
| Jazyk: | Czech |
| Vydáno: |
Praha :
Artis,
2023
|
| Tagy: |
Žádné tagy |
| LEADER | 02034nam a22002297i 4500 | ||
|---|---|---|---|
| 001 | 311915 | ||
| 007 | ta | ||
| 008 | 260601s2023 xr ||||| |||| 00| 0 cze d | ||
| 020 | |a 9990003749666 | ||
| 044 | |a xr | ||
| 100 | 1 | |a Rolland, Romain |4 aut | |
| 245 | 1 | 0 | |a Dobrý člověk ještě žije / |c Rolland, Romain |
| 264 | 1 | |a Praha : |b Artis, |c 2023 | |
| 300 | |a 1 online zdroj (183 stran) | ||
| 336 | |a text |b txt |2 rdacontent | ||
| 337 | |a bez média |b n |2 rdamedia | ||
| 338 | |a online zdroj |b cr |2 rdacarrier | ||
| 520 | 2 | |a Ústřední postavou tohoto románu je Colas Breugnon, který si vždy dokáže uchovat svůj nezdolný optimismus a humor. Ty mu pak pomáhají zdolat těžké okamžiky jeho života. Děj se odehrává v Burgundsku za vlády Ludvíka XIII. Colas měl ženu, čtyři syny, dceru Martinu a mnoho vnoučat. Nebál se práce, byl společenský, chodil na procházky a měl velmi rád víno, prostě si užíval života. Špatné věci zaháněl svým smyslem pro humor. Dokázal tak přežít i obtížná období, například když město obléhali vojáci nebo když bylo nakaženo morem a jeho manželka na něj později zemřela, ačkoli on sám se vyléčil. Navíc mu pak vypálili dům a tak bydlel nějakou dobu u své dcery. Jenže chtěl bydlet ve vlastním a o samotě, neměl však dost peněz. Stavěl tedy sám, ale při nešťastném pádu z lešení si zlomil kotník a byl tak připoután k lůžku. To vše se stalo v průběhu jediného roku – ztratil ženu, dům i peníze. I tak si ale dokázal uchovat dobrou náladu a cítil se i dost bohatý, protože pěkné vzpomínky a jeho osobitý humor mu zůstaly. | |
| 910 | |a RBIT002 | ||
| 998 | |d 374966 |a https://core.palmknihy.cz/api/books/374966/cover?rtcfuf |b https://core.palmknihy.cz/api/books/374966/cover/400?rtcfuf |c https://core.palmknihy.cz/api/books/374966/cover/50?rtcfuf |e 2099-12-01 |g 183 |i 9990003749666 |j https://core.palmknihy.cz/api/books/374966/preview.epub |l |q 49 |r 1 |s https://www.palmknihy.cz/kniha/374966 |t ebook |y 2023 |z 1 | ||
| 999 | |d 311913 | ||